000 00705nam a2200181Ia 4500
008 100921s9999 xx 000 0 und d
082 _b6880
_a891.461 थ 62
100 _aअश्क उपेंद्रनाथ, संपा.
245 _aउर्दुकी बेहतरीन गजले.
260 _bनीला प्रकाशन, इलाहाबाद.
_c1962
300 _a136
_b---
365 _b12
520 _aललित-काव्य-गजल.
630 _aउर्दुकी बेहतरीन गजले.
650 _aललित-काव्य-गजल.
730 _aउर्दुकी बेहतरीन गजले.
942 _cBOOK
999 _c755993
_d755990